| 000 | 00492nam a22001817a 4500 | ||
|---|---|---|---|
| 005 | 20251108172211.0 | ||
| 008 | 250721s1986 xx 000 0 ara d | ||
| 082 | 1 | 4 | _aط/ق/اتل |
| 245 | 1 | 0 | _aإتعلب معي / |
| 264 | 1 |
_aبيروت : _bدار القبس للنشر، _c1986. |
|
| 300 | _a12ص :مص | ||
| 490 | 0 | _aكتابي المقوى | |
| 650 | 1 | 7 | _aالقصص |
| 650 | 1 | 7 | _aأدب الأطفال |
| 650 | 1 | 7 | _aالأدب المترجم |
| 942 |
_2ddc _cBK |
||
| 999 |
_c72975 _d72975 |
||